| 000 | 01073cab a2200325 4500 | ||
|---|---|---|---|
| 001 | ABS54910 | ||
| 008 | 090401t1996 xxu||||| |||| 00| 0 eng d | ||
| 035 | _a(Sirsi) u13001 | ||
| 041 | _aeng | ||
| 245 | _aLicensed and leisure property | ||
| 260 | _c1996 | ||
| 350 | _a0 | ||
| 490 |
_aEstates Gazette _vSupplement (9615) 13 April 1996, (30) |
||
| 520 | _aVarious articles on leisure and licensed property including: hotel restaurants, UBR, pubs, and finance. Tables on: (1) restaurant and pub deals since January 1995, and (2) hotel deals over £1m since October 1995. | ||
| 650 | _aHOSPITALITY INDUSTRY | ||
| 650 | _aHOTEL MARKET | ||
| 650 | _aHOTEL RESTAURANTS | ||
| 650 | _aHOTELS | ||
| 650 | _aLEISURE MARKET | ||
| 650 | _aLEISURE PROPERTY | ||
| 650 | _aLICENSED PROPERTY | ||
| 650 | _aMAGIC PUB COMPANY | ||
| 650 | _aPUBLIC HOUSE MARKET | ||
| 650 | _aRESTAURANT MARKET | ||
| 650 | _aRESTAURANTS | ||
| 690 | _aPROPERTY-COMMERCIAL PROPERTY-COMMERCIAL PROPERTY MARKET | ||
| 690 | _aLEISURE AND RECREATION | ||
| 942 | _n0 | ||
| 948 | _c04/03/1997 | ||
| 999 |
_c8354 _d8354 |
||